Daňové stimuly

Enregistré dans:
Détails bibliographiques
Auteur principal: Feranecová, Adela, 1986-
Autres auteurs: Novotný, Marcel, 1979-
Format: Chapitre de livre
Langue:slovaque
Sujets:
Tags: Ajouter un tag
Pas de tags, Soyez le premier à ajouter un tag!

MARC

LEADER 00000naa$a2200000$$$4500
001 0281264
005 20240502074355.5
041 0 |a slo 
044 |a SK 
245 1 0 |a Daňové stimuly  |c Adela Feranecová, Marcel Novotný 
500 |a abstrakt 
610 2 0 |a stimuly 
610 2 0 |a dane 
610 2 0 |a systémy daňové 
100 1 |a Feranecová, Adela, 1986- 
700 1 |a Novotný, Marcel, 1979-